L'Exili austriacista : (1713-1747) / per Agustí Alcoberro (1713-1747) / per Agustí Alcoberro
ISBN:
84-7935-968-4
Descripción Física:
2 v. ; 24 cm
Colección:
Textos i documents ; 35-36
MARC
| LEADER | 00000nam a2200000Ia 4500 | ||
|---|---|---|---|
| 001 | 14758, 14759 | ||
| 003 | BGR | ||
| 005 | 20260324175411.0 | ||
| 008 | 160829s2002 xx 000 0 cat d | ||
| 020 | |a 84-7935-968-4 (o.c.) | ||
| 080 | |a H-2-200, H-2-201 | ||
| 100 | |a Alcoberro, Agustí |9 31716 | ||
| 245 | |a L'Exili austriacista : |b (1713-1747) / per Agustí Alcoberro | ||
| 260 | |a Barcelona : |b Fundació Noguera ; Lleida : |b Pagès, |c 2002 | ||
| 300 | |a 2 v. ; |c 24 cm | ||
| 490 | |a Textos i documents ; 35-36 | ||
| 590 | |a Conté: v.1; v. 2: Documents. | ||
| 590 | |a Bibliografia. | ||
| 590 | |a Índexs | ||
| 650 | |a Guerra de Successió, 1702/1714 |x Catalunya |x Refugiats |x Fonts |9 31717 | ||
| 650 | |a Catalunya |x Política i govern |x 1700/1746 |9 31718 | ||
| 650 | |a Exiliats |x Catalunya |x 1713/1747 |x Fonts |9 31719 | ||
| 710 | 2 | |a Fundació Manresa |9 70955 | |
| 901 | |a Arxiu | ||
| 942 | |n 1 |2 udc |c MON | ||
| 952 | |0 0 |1 0 |4 0 |6 H2200_H2201 |7 1 |9 45735 |a Arxiu |b Arxiu |d 2016-12-01 |l 0 |o H-2-200, H-2-201 |p 14758, 14759 |r 2016-12-01 00:00:00 |w 2016-12-01 |y ARXIU | ||
| 999 | |c 49235 |d 49235 | ||